000 00213nam a2200097Ia 4500
008 240331s9999 xx 000 0 und d
082 _a294.5
_bCAW
100 _aDoniger, W. tr.
245 4 _aThe low of menu
942 _cL
999 _c939
_d939